Statistics for Guess The Morgan Wallen Song By Lyric

Click here to take the quiz!

General Stats

  • This quiz has been taken 1,608 times
  • The average score is 4 of 5

Answer Stats

HintAnswer% Correct
she asked me where I'm from, said somewhere you've never been tosand in my boots
92%
so girl leave your boots by the bed we ain't leaving this roomcover me up
80%
I love you more than the feeling when the bass hits the hookmore than my hometown
79%
she lets me fish whenever I want tothought you should know
70%
pull up til they shut them down, you never ain't not aroundyou proof
47%

Score Distribution

Percentile by Number Answered

Percent of People with Each Score

Your Score History

You have not taken this quiz